Elle m'a aimé Kendji- Paroles - Statistiques

Statistiques générales
  • Ce quiz a été pris 464 fois
  • Le résultat moyen est 244 sur 293
Statistiques - réponses
Hint Réponse % Correct
à
99%
refrain Elle
99%
elle
99%
m'a
99%
ai
98%
aimé
97%
de
97%
couplet 1 | couplet 3 Je
96%
je
96%
que
96%
coeur
95%
me
95%
son
95%
tout
95%
amour
94%
donné
94%
ce
93%
le
92%
ne
92%
les
91%
rien
91%
la
90%
Et
89%
quand
89%
du
88%
en
88%
n'étais
88%
qui
88%
trop
87%
j'ai
86%
J'ai
86%
lui
86%
retour ?
86%
yeux
86%
chagrin
85%
avait
84%
dans
84%
Dans
84%
mains
84%
mains.
84%
qu'elle
84%
entre
83%
j'avais
83%
J'avais
83%
même
83%
plus
83%
rêve
83%
deux
82%
était
82%
pour
82%
temps
82%
bien
81%
remonter
81%
d'amour
80%
Qu'est-ce
80%
tous
80%
se
79%
vois
79%
dire
78%
fais
78%
j'étais
78%
nos
78%
rêvait
78%
toujours
78%
causé
77%
crois
77%
sans
77%
belles
76%
faire
76%
lâche
76%
bagage
75%
revenir
75%
vers
75%
adieu
74%
balades
74%
l'horizon
74%
Parti
74%
prendre
73%
sur
73%
tard
73%
l'ai
72%
ans
71%
fille
71%
mieux.
71%
quais
71%
au
70%
jolie
70%
petite
70%
ses
70%
compris
69%
revue
69%
qu'il
68%
dit
67%
pas
67%
pensant
67%
d'une
66%
jour
66%
un
66%
maison
65%
mes
64%
brille
63%
couplet 2 Des
63%
lumière
62%
cette
61%
sais
60%
souvenirs
60%
Pourquoi
59%
autant ?
58%
sensibles
58%
amer
57%
espérant
57%
maman
57%
raison
57%
toutes
57%
voyait
57%
goût
56%
jamais
56%
j'espère
56%
j'revienne
56%
nuits
55%
doutes
54%
malade
54%
retrouver
54%
J'y
53%
n'lui
52%
repense
52%
restent
52%
actes
51%
rendre
51%
Sachant
51%
d'hier
50%
irréversibles
49%
caressent
41%
manquerait-elle
25%
Aucun quiz correspondant
Distribution des résultats
% des personnes avec chaque résultat
Percentile par nombre de réponses
Votre historique - résultats
Vous n’avez pas pris ce quiz